| Tag |
First Indicator |
Second Indicator |
Subfields |
| LEADER |
00000pam a22000004a 4500 |
| 001 |
in00002016288 |
| 005 |
20151031160654.0 |
| 008 |
040813s2005 nyuabf b 001 0 eng |
| 010 |
|
|
|a 2004057152
|
| 020 |
|
|
|a 0670033375
|
| 035 |
|
|
|a (OCoLC)ocm56367771
|
| 040 |
|
|
|a DLC
|c DLC
|d YDX
|d UtOrBLW
|
| 042 |
|
|
|a pcc
|
| 049 |
|
|
|a TXAM
|
| 050 |
0 |
0 |
|a HN13
|b .D5 2005
|
| 082 |
0 |
0 |
|a 304.2/8
|2 22
|
| 100 |
1 |
|
|a Diamond, Jared M.
|
| 245 |
1 |
0 |
|a Collapse :
|b how societies choose to fail or succeed /
|c Jared Diamond.
|
| 264 |
|
1 |
|a New York :
|b Viking,
|c 2005.
|
| 300 |
|
|
|a xi, 575 pages, 24 unnumbered pages of plates :
|b illustrations, maps ;
|c 25 cm.
|
| 336 |
|
|
|a text
|b txt
|2 rdacontent
|
| 337 |
|
|
|a unmediated
|b n
|2 rdamedia
|
| 338 |
|
|
|a volume
|b nc
|2 rdacarrier
|
| 504 |
|
|
|a Includes bibliographical references (pages [529]-560) and index.
|
| 650 |
|
0 |
|a Social history
|v Case studies.
|
| 650 |
|
0 |
|a Social change
|v Case studies.
|
| 650 |
|
0 |
|a Environmental policy
|v Case studies.
|
| 948 |
|
|
|a cataloged
|b h
|c 2005/1/10
|d c
|e ceaton
|f 11:30:48 am
|
| 994 |
|
|
|a E0
|b TXA
|
| 999 |
|
|
|a MARS
|
| 999 |
f |
f |
|s ab118d55-dabe-31c4-8703-ecc6f7eebb1a
|i 7453fd95-31c7-3928-8713-e9102cba6f48
|t 0
|
| 952 |
f |
f |
|p normal
|a Texas A&M University
|b College Station
|c Sterling C. Evans Library
|s Evans curr
|d Evans: Curriculum Collection (4th floor)
|t 0
|e HN13 .D5 2005
|h Library of Congress classification
|i unmediated -- volume
|m A14833549226
|
| 998 |
f |
f |
|a HN13 .D5 2005
|t 0
|l Evans: Curriculum Collection (4th floor)
|